Legend of Zelda: Breath of the Wild Shields Quiz - Statistics

General Stats
  • This quiz has been taken 309 times
  • The average score is 18 of 32
Answer Stats
Hyrule Compendium No. Shield % Correct
369 Royal Guard's Shield
80%
350 Hylian Shield
76%
371 Spiked Boko Shield
75%
370 Boko Shield
74%
372 Dragonbone Boko Shield
74%
351 Pot Lid
74%
359 Royal Shield
72%
376 Guardian Shield
65%
377 Guardian Shield+
65%
378 Guardian Shield++
65%
380 Mighty Lynel Shield
65%
381 Savage Lynel Shield
65%
379 Lynel Shield
64%
375 Steel Lizal Shield
64%
358 Knight's Shield
63%
373 Lizal Shield
63%
374 Reinforced Lizal Shield
63%
356 Traveler's Shield
62%
357 Soldier's Shield
60%
363 Gerudo Shield
58%
352 Wooden Shield
58%
367 Ancient Shield
51%
362 Kite Shield
47%
365 Daybreaker
46%
361 Silver Shield
41%
355 Fisherman's Shield
39%
368 Rusty Shield
39%
354 Hunter's Shield
37%
364 Radiant Shield
33%
360 Forest Dweller's Shield
32%
366 Shield of the Mind's Eye
32%
353 Emblazoned Shield
29%
No matching quizzes found
Score Distribution
Percent of People with Each Score
Percentile by Number Answered
Your Score History
You have not taken this quiz